Statistics for Young the Giant Songs

Click here to take the quiz!

General Stats

  • This quiz has been taken 8 times
  • The average score is 33 of 66

Answer Stats

HintAnswer% Correct
American BollywoodAmerican Bollywood
100%
Young the GiantCough Syrup
100%
Mind Over MatterMind Over Matter
100%
Young the GiantApartment
86%
Mirror MasterMirror Master
86%
Young the GiantMy Body
86%
Home Of The StrangeNothing's Over
86%
American BollywoodThe Walk Home
86%
Home Of The StrangeTitus Was Born
86%
Home Of The StrangeAmerika
71%
Mind Over MatterCrystallized
71%
American BollywoodCult Of Personality
71%
Mind Over MatterFirelight
71%
Young the GiantI Got
71%
Home Of The StrangeSilvertongue
71%
American BollywoodWake Up
71%
Mind Over MatterAnagram
57%
Home Of The StrangeArt Exhibit
57%
Mind Over MatterCamera
57%
Mirror MasterDarkest Shade of Blue
57%
American BollywoodDollar $tore
57%
Young the GiantGarands
57%
Mirror MasterHeat Of The Summer
57%
Home Of The StrangeHome Of The Strange
57%
American BollywoodI Bite
57%
Home Of The StrangeJungle Youth
57%
Home Of The StrangeMr. Know-It-All
57%
Home Of The StrangeSomething to Believe In
57%
Young the GiantSt. Walker
57%
Mirror MasterTightrope
57%
American BollywoodTonight
57%
Mirror MasterYou + I
57%
Young the Giant12 Fingers
43%
American BollywoodDancing In The Rain
43%
Mind Over MatterEros
43%
Mirror MasterGlory
43%
Mind Over MatterIn My Home
43%
Young the GiantIslands
43%
Mirror MasterOblivion
43%
Home Of The StrangeRepeat
43%
Young the GiantStrings
43%
Mirror MasterSuperposition
43%
Mind Over MatterTeachers
43%
Mirror MasterBrother's Keeper
29%
Mirror MasterCall Me Back
29%
Mind Over MatterDaydreamer
29%
Home Of The StrangeElsewhere
29%
Young the GiantGod Made Man
29%
American BollywoodGuardian Angel
29%
Mind Over MatterIt's About Time
29%
American BollywoodMy Way
29%
Mirror MasterPanoramic Girl
29%
Mind Over MatterParalysis
29%
American BollywoodSame Folk
29%
Mirror MasterSimplify
29%
Mind Over MatterSlow Dive
29%
American BollywoodTomorrow
29%
Young the GiantTyphoon
29%
Mind Over MatterWaves
29%
American BollywoodCommotions
14%
Young the GiantEvery Little Thing
14%
Young the GiantGuns Out
14%
American BollywoodHappy
14%
American BollywoodInsomnia
14%
American BollywoodOtherside
14%
Young the GiantYour Side
14%

Score Distribution

Percentile by Number Answered

Percent of People with Each Score

Your Score History

You have not taken this quiz